The morality and global justice reader /

Bibliographic Details
Other Authors: Boylan, Michael, 1952-
Format: Book
Language:English
Published: Boulder, CO : Westview Press, [2011]
Subjects:

MARC

Tag First Indicator Second Indicator Subfields
LEADER 00000cam a2200000 a 4500
001 in00002652021
005 20151202115811.0
008 101123s2011 coua b 001 0 eng
010 |a  2010047253 
020 |a 9780813344331 (pbk. : alk. paper) 
020 |a 0813344336 (pbk. : alk. paper) 
035 |a (OCoLC)ocn639161337 
035 |a (OCoLC)639161337 
040 |a DLC  |c DLC  |d YDX  |d BTCTA  |d YDXCP  |d BWX  |d UtOrBLW 
049 |a TXAM 
050 0 0 |a JZ1306  |b .M685 2011 
082 0 0 |a 172/.4  |2 22 
245 0 4 |a The morality and global justice reader /  |c edited by Michael Boylan. 
264 1 |a Boulder, CO :  |b Westview Press,  |c [2011] 
264 4 |c ©2011 
300 |a xi, 426 pages :  |b illustrations ;  |c 23 cm. 
336 |a text  |b txt  |2 rdacontent 
337 |a unmediated  |b n  |2 rdamedia 
338 |a volume  |b nc  |2 rdacarrier 
504 |a Includes bibliographical references and index. 
650 0 |a International relations  |x Moral and ethical aspects. 
650 0 |a Social justice. 
650 0 |a Human rights. 
700 1 |a Boylan, Michael,  |d 1952- 
938 |a Baker and Taylor  |b BTCP  |n BK0009030868 
938 |a YBP Library Services  |b YANK  |n 3521523 
938 |a Blackwell Book Service  |b BBUS  |n 3521523 
945 |a PromptCat  |b 274207 
946 |a stk 
947 |a A14840611343 
994 |a 92  |b TXA 
948 |a Cataloged  |b h  |c 2011/3/23  |d c  |e EGrant 
999 |a MARS 
999 f f |s 28a1904d-5c09-32ed-bd16-ff93a09504b3  |i 26525fb6-9b03-3937-8712-8486a5542b9e  |t 0 
952 f f |p ric  |a Texas A&M University  |b Rellis Campus  |c Joint Library Facility  |d Remote Storage  |t 0  |e JZ1306 .M685 2011  |h Library of Congress classification  |i unmediated -- volume  |m A14840611343 
998 f f |a JZ1306 .M685 2011  |t 0  |l Remote Storage